00876nas a2200229Ia 4500001002400000003001000024008004100034040002500075041001300100100002400113210002300137222002300160245008100183250001100264260000900275501012300284300001400407362001700421500015500438650004200593700001100635dg56-27398 [d000003113]IT-MiCISF161014c99999999xx |||||||||||| ||und|| aIT-MiCISFcIT-MiCISF aITALIANO aCamera dei Deputati aAIAF. Osservatorio aAIAF. Osservatorio 0aLo sfruttamento sessuale dei minori: nuova forma di riduzione in schiavitù a1a ed. c1998 bCISF - Centro Internazionale Studi Famiglia - Via Giotto, 36 20145 MILANO (non commercial uses only)cCopyright 2016 app. 38-40 a n. 1 [1998] aDisegno di legge: Norme contro lo sfruttamento sessuale dei minori quale nuova forma di riduzione in schiavitù Tema: abuso-sessuale, infanzia, legge amaltrattamenti violenzavlegislazione aAA.VV.